Architektur Zur Netzwerksteuerung in der Finanzindustrie /

Bibliographic Details
Main Author: Eckert, Clemens, (Author)
Format: eBook
Language:German
Published: Berlin : Logos Berlin, 2011.
Subjects:
Online Access:Click to View
LEADER 01472nam a2200373 i 4500
001 EBC5219616
003 MiAaPQ
005 20200520144314.0
006 m o d |
007 cr cnu||||||||
008 180529s2011 gw o 000 0 ger d
020 |z 9783832528515 
020 |a 9783832598372  |q (electronic bk.) 
035 |a (MiAaPQ)EBC5219616 
035 |a (Au-PeEL)EBL5219616 
035 |a (CaPaEBR)ebr11539464 
035 |a (OCoLC)1021808807 
040 |a MiAaPQ  |b eng  |e rda  |e pn  |c MiAaPQ  |d MiAaPQ 
050 4 |a HG1601  |b .E254 2011 
082 0 |a 332.1  |2 23 
100 1 |a Eckert, Clemens,  |e author. 
245 1 0 |a Architektur Zur Netzwerksteuerung in der Finanzindustrie /  |c Clemens Eckert. 
264 1 |a Berlin :  |b Logos Berlin,  |c 2011. 
300 |a 1 online resource (437 pages) 
336 |a text  |b txt  |2 rdacontent 
337 |a computer  |b c  |2 rdamedia 
338 |a online resource  |b cr  |2 rdacarrier 
588 |a Description based on print version record. 
590 |a Electronic reproduction. Ann Arbor, MI : ProQuest, 2018. Available via World Wide Web. Access may be limited to ProQuest affiliated libraries. 
650 0 |a Banks and banking. 
655 4 |a Electronic books. 
776 0 8 |i Print version:  |a Eckert, Clemens.  |t Architektur zur Netzwerksteuerung in der Finanzindustrie.  |d Berlin : Logos Berlin, 2011   |z 9783832528515 
797 2 |a ProQuest (Firm) 
856 4 0 |u https://ebookcentral.proquest.com/lib/matrademy/detail.action?docID=5219616  |z Click to View